Energetika a otázky vývoja cien energií na Slovensku v posledných rokoch

Stručná charakteristika slovenskej energetiky. Podiel krajín na tvorbe hodnôt jednotlivých ukazovateľov za EÚ v odvetví energetiky. Vývoj vybraných charakteristík slovenskej energetiky po roku 2000.

Gespeichert in:
Bibliographische Detailangaben
1. Verfasser: Cár, Mikuláš
Format: Buchkapitel
Sprache:Slowakisch
Schlagworte:
Tags: Tag hinzufügen
Keine Tags, Fügen Sie das erste Tag hinzu!

MARC

LEADER 00000naa$a2200000$$$4500
001 0057597
005 20231116083351.4
041 0 |a slo 
044 |a SK 
245 1 0 |a Energetika a otázky vývoja cien energií na Slovensku v posledných rokoch  |c Mikuláš Cár 
520 |a Stručná charakteristika slovenskej energetiky. Podiel krajín na tvorbe hodnôt jednotlivých ukazovateľov za EÚ v odvetví energetiky. Vývoj vybraných charakteristík slovenskej energetiky po roku 2000. 
610 2 0 |a ceny 
610 2 0 |a ukazovatele ekonomické 
610 2 0 |a Európska únia 
610 2 0 |a Slovensko 
610 2 0 |a vývoj cenový 
610 2 0 |a energetika 
610 2 0 |a energia 
100 1 |a Cár, Mikuláš